Welcome to CU Library Online Public Access Catalogue (OPAC)

Preaching as communication : (Record no. 6115)

MARC details
000 -LEADER
fixed length control field 00579pam a2200205 i 4500
001 - CONTROL NUMBER
control field 1354852
005 - DATE AND TIME OF LATEST TRANSACTION
control field 20250602084724.0
008 - FIXED-LENGTH DATA ELEMENTS--GENERAL INFORMATION
fixed length control field 800818s1981 tnu b 001 0 eng
020 ## - INTERNATIONAL STANDARD BOOK NUMBER
International Standard Book Number 0687338263 (pbk.)
050 00 - LIBRARY OF CONGRESS CALL NUMBER
Classification number BV4211.2
Item number .C46
082 00 - DEWEY DECIMAL CLASSIFICATION NUMBER
Classification number 251
Edition information 19
100 1# - MAIN ENTRY--PERSONAL NAME
Personal name Chartier, Myron Raymond.
245 10 - TITLE STATEMENT
Title Preaching as communication :
Remainder of title an interpersonal perspective /
Statement of responsibility, etc. Myron R. Chartier.
260 ## - PUBLICATION, DISTRIBUTION, ETC.
Place of publication, distribution, etc. Nashville :
Name of publisher, distributor, etc. Abingdon,
Date of publication, distribution, etc. c1981.
300 ## - PHYSICAL DESCRIPTION
Extent 127 p. ;
Dimensions 20 cm.
500 ## - GENERAL NOTE
General note Includes index.
650 #0 - SUBJECT ADDED ENTRY--TOPICAL TERM
Topical term or geographic name entry element Preaching.
650 #0 - SUBJECT ADDED ENTRY--TOPICAL TERM
Topical term or geographic name entry element Communication.
942 ## - ADDED ENTRY ELEMENTS (KOHA)
Source of classification or shelving scheme Library of Congress Classification
Koha item type Books
Suppress in OPAC No
999 ## -
-- 6115
-- 6115
Holdings
Withdrawn status Lost status Source of classification or shelving scheme Damaged status Not for loan Collection Home library Current library Shelving location Date acquired Total checkouts Full call number Barcode Date last seen Copy number Price effective from Koha item type
    Library of Congress Classification     Non-fiction Undergraduate Library (Christ Temple) Undergraduate Library (Christ Temple) General stacks 06/02/2025   BV4211.2 CHA ulct00002812 06/02/2025 1 06/02/2025 Books
© 2023-2024 Copyright: Central University Libraries. All Rights Reserved | Created by: Mahone Tech Office